Pokémon di tipo Buio come tipo primario - Statistics

Statistiche generali
  • Questo quiz è stato fatto 6 volte
  • Il punteggio medio è 34 su 41
Statistiche sulle risposte
Numero Pokédex Nazionale Tipo Tipo Pokémon % Corretto
430 Buio Volante Honchkrow
100%
229 Buio Fuoco Houndoom
100%
228 Buio Fuoco Houndour
100%
264 Buio Normale Linoone (Forma di Galar)
100%
229 Buio Fuoco MegaHoundoom
100%
302 Buio Spettro MegaSableye
100%
146 Buio Volante Moltres (Forma di Galar)
100%
198 Buio Volante Murkrow
100%
20 Buio Normale Raticate (Forma di Alola)
100%
19 Buio Normale Rattata (Forma di Alola)
100%
302 Buio Spettro Sableye
100%
215 Buio Ghiaccio Sneasel
100%
461 Buio Ghiaccio Weavile
100%
263 Buio Normale Zigzagoon (Forma di Galar)
100%
625 Buio Acciaio Bisharp
83%
633 Buio Drago Deino
83%
635 Buio Drago Hydreigon
83%
630 Buio Volante Mandibuzz
83%
862 Buio Normale Obstagoon
83%
624 Buio Acciaio Pawniard
83%
211 Buio Veleno Qwilfish (Forma di Hisui)
83%
560 Buio Lotta Scrafty
83%
559 Buio Lotta Scraggy
83%
629 Buio Volante Vullaby
83%
634 Buio Drago Zweilous
83%
1002 Buio Ghiaccio Chien-Pao
67%
1004 Buio Fuoco Chi-Yu
67%
861 Buio Folletto Grimmsnarl
67%
861 Buio Folletto Grimmsnarl Gigamax
67%
799 Buio Drago Guzzlord
67%
859 Buio Folletto Impidimp
67%
686 Buio Psico Inkay
67%
983 Buio Acciaio Kingambit
67%
687 Buio Psico Malamar
67%
860 Buio Folletto Morgrem
67%
904 Buio Veleno Overqwil
67%
1003 Buio Terra Ting-Lu
67%
1001 Buio Erba Wo-Chien
67%
717 Buio Volante Yveltal
67%
893 Buio Erba Zarude
67%
993 Buio Volante Colloferreo
50%
Nessun quiz corrispondente trovato
Distribuzione punteggi
Percentuale di utenti per punteggio
Percentile per numero di risposta
I tuoi punteggi nel tempo
Non hai fatto questo quiz